000 00396cam a2200169 4500
001 D3524
008 090401t1979 xxu||||| |||| 00| 0 eng d
035 _a(Sirsi) u73596
041 _aeng
050 _a333.33091
110 _aEstates Times
_9307
245 _aInternational property review 1979
260 _aLondon
_bEstates Times
_c1979
350 _a0
942 _n0
948 _c04/03/1997
999 _c95641
_d95641